A short history of Christianity in the apostolic age /

Bibliographic Details
Main Author: Gilbert, George Holley, 1854-1930
Format: Book
Language:English
Published: Chicago : The University of Chicago Press, 1906.
Series:Constructive Bible studies.
Subjects:

MARC

Tag First Indicator Second Indicator Subfields
LEADER 00000cam a2200000 4500
001 in00000059003
005 20151008051014.0
008 760116s1906 iluab 00110 eng
010 |a  06041055  
035 |a (OCoLC)01932627 
035 |9 AAG4939AM 
040 |a DLC  |c IDA  |d TXA  |d UtOrBLW 
049 |a TXAM  |c 1 [24553]  |c 2 [62133] 
050 0 |a BS2410  |b .G6 
092 |a 270.1  |b G464s 
100 1 |a Gilbert, George Holley,  |d 1854-1930. 
245 1 2 |a A short history of Christianity in the apostolic age /  |c by George Holley Gilbert. 
264 1 |a Chicago :  |b The University of Chicago Press,  |c 1906. 
300 |a vi, 239 pages :  |b frontispiece (map) illustrations ;  |c 23 cm. 
336 |a text  |b txt  |2 rdacontent 
337 |a unmediated  |b n  |2 rdamedia 
338 |a volume  |b nc  |2 rdacarrier 
490 1 |a Constructive Bible studies 
490 0 |a [College and academy series] 
500 |a Series title also on t.-p. 
600 0 0 |a Paul,  |c the Apostle, Saint. 
650 0 |a Church history  |y Primitive and early church, ca. 30-600. 
830 0 |a Constructive Bible studies. 
999 |a MARS 
999 f f |s 0fb95495-7a7a-323f-a9b5-7e26bb056362  |i 08a832a7-ae55-3037-b134-fb22680332dc  |t 0 
952 f f |p ric  |a Texas A&M University  |b Rellis Campus  |c Joint Library Facility  |s JLF  |d Remote Storage  |t 0  |e BS2410 .G6  |h Library of Congress classification  |i unmediated -- volume  |m A14800617993 
998 f f |a BS2410 .G6  |t 0  |l Remote Storage